000 00222nam a2200097Ia 4500
008 190216s9999||||xx |||||||||||||| ||und||
100 _aDr.Harimohan
245 0 _aHindi-Computer Aur Hindi
260 _bRama Pub
942 _cBK
999 _c15569
_d15569